[Event "ch-Paulista do Interior"]
[Site "Santos BRA"]
[Date "2008.12.20"]
[Round "3"]
[White "Coelho,L"]
[Black "Sztokbant,B"]
[Result "1-0"]
[WhiteElo "2398"]
[BlackElo "1930"]

1.d4 Nf6 2.c4 g6 3.Nc3 Bg7 4.e4 d6 5.Nf3 O-O 6.Be2 e5 7.Be3 Nc6 8.d5 Ne7
9.Nd2 Ne8 10.b4 f5 11.f3 a5 12.bxa5 Rxa5 13.c5 f4 14.Bf2 g5 15.Nc4 Ra8 16.a4 g4
17.fxg4 Ng6 18.h4 f3 19.Bxf3 dxc5 20.h5 Nf4 21.Bxc5 Nd6 22.Ne3 b6 23.Ba3 Ba6
24.Kf2 Nd3+ 25.Kg1 Bh6 26.Nf1 c5 27.dxc6 Rxf3 28.Qxf3 Nc4 29.Nd5 Nxa3 30.Rxa3 Qd6
31.Rxd3 Qc5+ 32.Kh2 Rf8 33.Nf6+ Kh8 34.Qf5 Bf4+ 35.Kh3 Qe7 36.Rd7 Qa3+ 37.Kh4  1-0

[Event "8th Amplico AIG Life Rapid"]
[Site "Warsaw POL"]
[Date "2008.12.20"]
[Round "2"]
[White "Bartel,Mat"]
[Black "Smilga,K"]
[Result "1-0"]
[WhiteElo "2602"]
[BlackElo "2150"]

1.d4 Nf6 2.Nf3 g6 3.c4 Bg7 4.Nc3 d6 5.e4 O-O 6.Be2 e5 7.Be3 Ng4 8.Bg5 f6
9.Bc1 Nh6 10.O-O Nc6 11.d5 Ne7 12.h3 Nf7 13.b4 f5 14.Ng5 Nxg5 15.Bxg5 h6
16.Bd2 Kh7 17.Bf3 Ng8 18.c5 Nf6 19.Be3 f4 20.Bd2 g5 21.Rc1 Qe8 22.Be2 Qg6
23.f3 h5 24.Kf2 g4 25.hxg4 hxg4 26.Rh1+ Kg8 27.Qg1 Nh5 28.Ke1 Ng3 29.Rh2 Nxe2
30.Nxe2 Bd7 31.Rh1 Bb5 32.Qh2 Rac8 33.Qh4 Kf7 34.Qxg4 Qxg4 35.fxg4 Kg6 36.Kf2 Bf6
37.Kf3 dxc5 38.Rxc5 Bd7 39.Rhc1 c6 40.dxc6 Bxc6 41.b5 Bd7 42.Rxc8 Rxc8 43.Rxc8 Bxc8
44.g3 Bd7 45.gxf4 exf4 46.Nxf4+ Kf7 47.a4 a6 48.bxa6 bxa6 49.a5 Bd4 50.Nd5 Be5
51.Bc3 Bd6 52.g5 Kg6 53.Bf6 Ba3 54.Nf4+ Kf7 55.Bc3 Bc1 56.g6+ Kg8 57.Nd5 Bg5
58.Bf6 Bh6 59.Ne7+ Kf8 60.Nf5  1-0

[Event "8th Amplico AIG Life Rapid"]
[Site "Warsaw POL"]
[Date "2008.12.20"]
[Round "6"]
[White "Malakhatko,V"]
[Black "Solnicki,M"]
[Result "1-0"]
[WhiteElo "2633"]
[BlackElo "2008"]

1.d4 Nf6 2.c4 g6 3.Nc3 Bg7 4.e4 d6 5.Nf3 O-O 6.Be2 Nbd7 7.O-O e5 8.Re1 Re8
9.Bf1 c6 10.Rb1 a5 11.d5 c5 12.Bg5 Bf8 13.a3 Be7 14.Bd2 Nh5 15.g3 Ng7 16.Bh6 f5
17.exf5 Nxf5 18.Bd2 Nf6 19.Bg2 Bf8 20.Ng5 Nd4 21.Nge4 Bf5 22.b4 axb4 23.axb4 b6
24.bxc5 bxc5 25.Rb7 Nxe4 26.Nxe4 Be7 27.h4 Rb8 28.Rxb8 Qxb8 29.h5 Qc8 30.hxg6 hxg6
31.Bc3 Kf7 32.Bxd4 cxd4 33.c5 dxc5 34.d6 Bxe4 35.Bxe4 Bxd6 36.Qc2 Qg4 37.Ra1 Be7
38.Ra7 Kg7 39.Bc6 Rh8 40.Rxe7+ Kf6 41.Rb7 c4 42.Qxc4 Qd1+ 43.Qf1 Qh5 44.Qb1 Rc8
45.Be4 Kg5 46.Rb6  1-0

[Event "Masters"]
[Site "Berkeley USA"]
[Date "2008.12.21"]
[Round "8"]
[White "Kacheishvili,G"]
[Black "Esserman,M"]
[Result "1-0"]
[WhiteElo "2572"]
[BlackElo "2348"]

1.d4 Nf6 2.c4 g6 3.Nc3 Bg7 4.e4 d6 5.Be2 O-O 6.Nf3 e5 7.d5 a5 8.Nd2 Na6 9.Nb3 Bd7
10.Bg5 a4 11.Nd2 a3 12.b3 c6 13.O-O h6 14.Be3 cxd5 15.exd5 Ne8 16.Ndb1 f5
17.Nxa3 Qf6 18.Nab5 g5 19.f3 h5 20.Rb1 Rf7 21.b4 Bf8 22.Bd3 f4 23.Bf2 Rg7
24.Kh1 g4 25.Ne4 Qd8 26.Nbc3 g3 27.hxg3 fxg3 28.Nxg3 h4 29.Nge4 Be7 30.c5 Nac7
31.Qd2 Qc8 32.Be3 Ra3 33.Rb3 Rxb3 34.axb3 Na6 35.c6 bxc6 36.dxc6 Be6 37.b5 Nb4
38.Bc4  1-0

[Event "Masters"]
[Site "Berkeley USA"]
[Date "2008.12.21"]
[Round "8"]
[White "Zenyuk,I"]
[Black "Naroditsky,D"]
[Result "1-0"]
[WhiteElo "2237"]
[BlackElo "2382"]

1.d4 Nf6 2.Nf3 g6 3.c4 Bg7 4.Nc3 O-O 5.e4 d6 6.Be2 Na6 7.O-O e5 8.Be3 Ng4
9.Bg5 Qe8 10.dxe5 dxe5 11.h3 Nf6 12.Be3 b6 13.Qc2 c6 14.a3 Qe7 15.b4 Bb7
16.c5 b5 17.Rfd1 Nc7 18.Rd6 Rfd8 19.Rad1 Nfe8 20.Bg5 f6 21.Qa2+ Kf8 22.Be3 Na6
23.Nxb5 cxb5 24.Rxd8 Rxd8 25.Rxd8 Qxd8 26.Bxb5 Nac7 27.c6 Ba8 28.a4 a6 29.Bc5+ Nd6
30.Bc4 Bxc6 31.Bg8 Be8 32.Nh4 f5 33.Bxh7 Bf7 34.Qd2 Ke7 35.Bxg6 Be6 36.Bxf5 Bf7
37.Bh7 Ne8 38.Nf5+ Ke6 39.Bxd6 Bf8 40.Qd5+  1-0

[Event "TCh-HUN 2008-9"]
[Site "Budapest HUN"]
[Date "2008.12.21"]
[Round "4"]
[White "Berczes,D"]
[Black "Kubacsny,L"]
[Result "1-0"]
[WhiteElo "2514"]
[BlackElo "2334"]

1.d4 Nf6 2.c4 g6 3.Nc3 Bg7 4.e4 d6 5.Nf3 O-O 6.Be2 e5 7.O-O exd4 8.Nxd4 Re8
9.f3 c6 10.Kh1 a6 11.Nc2 b5 12.Bf4 d5 13.c5 Be6 14.Bd6 a5 15.e5 Nfd7 16.f4 f6
17.Nd4 fxe5 18.Nxe6 Rxe6 19.fxe5 Bxe5 20.Bg4 Rxd6 21.cxd6 Nf6 22.Nxd5 Nxd5
23.Be6+ Kh8 24.Bxd5 Ra7 25.Qe2 Qxd6 26.Bb3 Nd7 27.Rad1 Qc5 28.Rf7 a4 29.Be6  1-0

[Event "8th Amplico AIG Life Rapid"]
[Site "Warsaw POL"]
[Date "2008.12.21"]
[Round "9"]
[White "Guichard,P"]
[Black "Kanarek,M"]
[Result "1-0"]
[WhiteElo "2277"]
[BlackElo "2458"]

1.d4 Nf6 2.c4 g6 3.Nc3 Bg7 4.e4 d6 5.Be2 O-O 6.Nf3 e5 7.O-O Nbd7 8.Rb1 Re8
9.dxe5 dxe5 10.b4 Nh5 11.Re1 Nf4 12.Bf1 c6 13.Be3 Ne6 14.Qd2 f5 15.Bh6 f4
16.Bxg7 Kxg7 17.c5 g5 18.Qd6 Qf6 19.Bc4 g4 20.Nh4 Nd4 21.Nf5+ Nxf5 22.exf5 Qxd6
23.cxd6 Nf6 24.Bd3 e4 25.Nxe4 Bxf5 26.Nxf6 Kxf6 27.Bxf5 Kxf5 28.d7 Rxe1+
29.Rxe1 Rd8 30.Re7 h5 31.Kf1 Kf6 32.Rh7 Kg6 33.Re7 Kf6 34.Rh7 Kg6 35.Re7 Kf6
36.Rh7 Ke6 37.Ke2 Rxd7 38.Rxh5 Rd5 39.Rxd5 Kxd5 40.Kd3 Ke5 41.h4 gxh3 42.gxh3 b6
43.f3 a6 44.h4 c5 45.bxc5 bxc5 46.Kc4 Kf5 47.Kxc5 Kg6 48.Kd5  1-0

[Event "8th Amplico AIG Life Rapid"]
[Site "Warsaw POL"]
[Date "2008.12.21"]
[Round "10"]
[White "Malakhatko,V"]
[Black "Mickiewicz,P"]
[Result "1/2-1/2"]
[WhiteElo "2633"]
[BlackElo "2262"]

1.d4 Nf6 2.c4 d6 3.Nf3 Nbd7 4.Nc3 e5 5.e4 g6 6.Be2 Bg7 7.O-O O-O 8.Re1 c6
9.Bf1 a5 10.Rb1 Qe7 11.b3 exd4 12.Nxd4 Nc5 13.f3 Nh5 14.Be3 f5 15.exf5 gxf5
16.Qd2 Qf7 17.Rbd1 f4 18.Bf2 Be5 19.Nxc6 Bxc3 20.Qxc3 bxc6 21.Rxd6 Ne6 22.c5 Re8
23.Bc4 Nhg7 24.Bd4 Ba6 25.Bxa6 Rxa6 26.Qc4 Nxd4 27.Rxe8+ Nxe8 28.Rxd4 Qxc4
29.Rxc4 a4 30.Rxa4 Rxa4 31.bxa4 Kf7 32.a5 Nc7 33.Kf2 Ke6 34.g3 Kd5 35.g4 Kxc5
36.h4 Ne6 37.Ke2 Nd4+ 38.Kf2 Kb5 39.g5 Kxa5 40.h5 Nf5 41.Ke1 Kb4 42.Kd2 c5
43.h6 c4 44.g6 Nxh6 45.gxh7 Nf7 46.Kc2 Nh8 47.a3+ Kxa3 48.Kc3 Ka4 49.Kxc4 Ka5
50.Kd5 Kb5 51.Ke5 Kc6 52.Kf6 Kd6 53.Kg7  1/2-1/2

[Event "8th Amplico AIG Life Rapid"]
[Site "Warsaw POL"]
[Date "2008.12.21"]
[Round "10"]
[White "Akesson,R"]
[Black "Maier,C"]
[Result "1-0"]
[WhiteElo "2484"]
[BlackElo "2328"]

1.d4 Nf6 2.c4 g6 3.Nc3 Bg7 4.e4 d6 5.Be2 O-O 6.Nf3 e5 7.Be3 exd4 8.Nxd4 Re8
9.f3 c6 10.Bf2 d5 11.exd5 cxd5 12.O-O dxc4 13.Bxc4 Nbd7 14.Ndb5 Ne5 15.Qxd8 Rxd8
16.Bb3 Bf5 17.Bxa7 Bf8 18.Bb6 Rd2 19.Rad1 Rxb2 20.Bd4 Nfd7 21.Nd5 Bc5 22.Ne7+ Kf8
23.Nxf5 gxf5 24.Kh1 Bxd4 25.Nxd4 Nc5 26.Nxf5 Nxb3 27.axb3 Rxb3 28.Rd6 Rd3
29.Rb6 Rd7 30.h3 Nc4 31.Rh6 Ra5 32.Ng3 Kg7 33.Rh4 f5 34.Rxc4  1-0

[Event "8th Amplico AIG Life Rapid"]
[Site "Warsaw POL"]
[Date "2008.12.21"]
[Round "12"]
[White "Czerwonski,A"]
[Black "Mickiewicz,P"]
[Result "1-0"]
[WhiteElo "2391"]
[BlackElo "2262"]

1.d4 Nf6 2.c4 d6 3.Nc3 Nbd7 4.Nf3 e5 5.e4 g6 6.Be2 Bg7 7.O-O O-O 8.Re1 c6
9.Bf1 a5 10.h3 exd4 11.Nxd4 Re8 12.g3 a4 13.Bg2 Qa5 14.Rb1 Nc5 15.Bf4 Bf8
16.Qc2 Qb4 17.Bf1 Nfd7 18.Ncb5 Na6 19.a3 Qc5 20.b4 Qb6 21.Be3 cxb5 22.cxb5 Nac5
23.Nf3 Qd8 24.bxc5 Nxc5 25.Nd2 b6 26.Bg2 Bb7 27.Bxc5 dxc5 28.Nc4 Bg7 29.e5 Bxg2
30.Kxg2 Qc7 31.Rbd1 Bxe5 32.Qe4 Bd4 33.Qxe8+ Rxe8 34.Rxe8+ Kg7 35.Re2 Qd7
36.Ne5 Qxb5 37.Rdd2 Bxe5 38.Rxe5 Qc6+ 39.Kg1 b5 40.Rdd5 c4 41.Rxb5 c3 42.Rbc5 Qf3
43.Re3 Qd1+ 44.Kg2 c2 45.Rec3 Qa1 46.Rc7 h5 47.h4 c1=R 48.Rxc1 Qxa3 49.R1c3 Qa2
50.Ra7 Qd5+ 51.Rf3 Qc4 52.Rf4 Qd5+ 53.Kh2 Qb3 54.Rfxa4 Qb6 55.Ra2 Qe6 56.Rb2 Qf6
57.Rab7 Kh6 58.Rc2 Qf5 59.Rbc7 Qe4 60.Rd2 Qe1 61.Rcd7 Qe6 62.Kg1 Qe1+ 63.Kg2 Qe4+
64.Kh2 Qe6 65.R7d6 Qe1 66.R6d4 f5 67.Kg2 Qe5 68.f4 Qe3 69.Rd6 Qe4+ 70.Kh2 Qe3
71.R6d3 Qe4 72.Kg1 Qb4 73.Kf2 Qb6+ 74.Rd4 Qc5 75.Rd3 Qc2+ 76.Kf3 Qh2 77.Rd6 Qh1+
78.Ke3 Qe1+ 79.Kd4 Qe4+ 80.Kc5 Kg7 81.Rb3 Kh6 82.Rbb6 Qe3+ 83.Kd5 Qd3+ 84.Ke6 Qxg3
85.Kf7 Qxf4 86.Rxg6+ Kh7 87.Rbc6  1-0

[Event "8th Amplico AIG Life Rapid"]
[Site "Warsaw POL"]
[Date "2008.12.21"]
[Round "13"]
[White "Gustafsson,J"]
[Black "Piorun,K"]
[Result "1-0"]
[WhiteElo "2634"]
[BlackElo "2472"]

1.Nf3 g6 2.d4 Bg7 3.c4 Nf6 4.Nc3 O-O 5.e4 d6 6.Be2 e5 7.O-O Nbd7 8.Qc2 Re8
9.Be3 exd4 10.Nxd4 Nc5 11.f3 a5 12.Rfd1 Bd7 13.Ndb5 Qc8 14.Qd2 Bc6 15.Rac1 b6
16.b3 Qd7 17.Kh1 h5 18.Nd4 Bb7 19.Nd5 Ne6 20.Nxe6 Rxe6 21.Bd4 Nxd5 22.cxd5 Re7
23.Bxg7 Kxg7 24.Qd4+ f6 25.Rd2 Rf8 26.Rdc2 Qd8 27.f4 Bc8 28.Bd3 Kh7 29.Rf2 Qe8
30.Re1 Qf7 31.Re3 Bd7 32.h3 Rfe8 33.Rc2 Bc8 34.Rce2 Bd7 35.Kh2 Qg7 36.Qc3 Bc8
37.Qe1 Qh6 38.Qh4 Kg7 39.Rg3 f5 40.exf5 Rxe2 41.Rxg6+ Qxg6 42.fxg6 Rd2 43.Qg3 h4
44.Qf3 Re1 45.Qh5 Re7 46.Qh7+  1-0

[Event "5th IRT"]
[Site "Merlo ARG"]
[Date "2008.12.23"]
[Round "3"]
[White "Barrionuevo,P"]
[Black "Preuss,Max"]
[Result "1-0"]
[WhiteElo "2341"]
[BlackElo "2114"]

1.d4 Nf6 2.c4 g6 3.Nc3 Bg7 4.e4 d6 5.Be2 O-O 6.Nf3 e5 7.Be3 exd4 8.Nxd4 Re8
9.f3 c6 10.Bf2 d5 11.exd5 cxd5 12.c5 Nc6 13.O-O Be6 14.Qd2 Nh5 15.Rfd1 Be5
16.g3 Qb8 17.Bb5 Bd7 18.Bf1 Nf4 19.Kh1 Bxd4 20.Bxd4 Nxd4 21.Qxd4 Ne6 22.Qh4 Qd8
23.Nxd5 Qxh4 24.gxh4 Bc6 25.Nf6+ Kh8 26.Nxe8 Rxe8 27.Bg2 Nxc5 28.Re1 Rd8
29.Rad1 Nd3 30.Kg1 Nxe1 31.Rxd8+ Kg7 32.Kf2 Nxg2 33.Kxg2 h5 34.Kg3 Kf6 35.Kf4 a6
36.Rd3 a5 37.b3 Ke6 38.Kg5 a4 39.bxa4 Bxa4 40.Re3+ Kd5 41.Kf6 b5 42.Kxf7 Bc2
43.Re2 Bf5 44.Rb2 Kc4 45.a3 Bd3 46.Kf6 Kc3 47.Rb4 Kc2 48.f4 Kc3 49.h3 Kc2
50.Rd4 Bc4 51.Kxg6 Kb3 52.f5 Kxa3 53.Rxc4 bxc4 54.f6 c3 55.f7 c2 56.f8=Q+ Kb2
57.Qb4+ Ka2 58.Qa4+ Kb2 59.Qxc2+ Kxc2 60.Kxh5  1-0

[Event "Open"]
[Site "Pamplona ESP"]
[Date "2008.12.24"]
[Round "4"]
[White "Ruiz Escobar,R"]
[Black "Vega Gutierrez,B"]
[Result "0-1"]
[WhiteElo "2028"]
[BlackElo "2226"]

1.d4 d6 2.Nf3 Nf6 3.c4 g6 4.Nc3 Bg7 5.e4 O-O 6.Be2 e5 7.Be3 Nbd7 8.O-O Re8
9.Qc2 exd4 10.Nxd4 Ne5 11.f3 c6 12.Bf2 Nh5 13.Qd2 Nd7 14.Nc2 Be5 15.g3 Ndf6
16.Rfe1 Be6 17.Bf1 Qc8 18.Nd1 Bh3 19.Bg2 Bxg2 20.Kxg2 Qe6 21.Nce3 Rad8 22.h3 d5
23.exd5 cxd5 24.Nxd5 Nxd5 25.cxd5 Rxd5 26.Qb4 Qc6 27.Rb1 Bxg3 28.Rxe8+ Qxe8
29.Ne3 Rb5 30.Qd4 Be5 31.Qxa7 Nf4+ 32.Kf1 Nxh3 33.Ng4 Nxf2 34.Qxf2 h5 35.Nxe5 Qxe5
36.b3 Qf4 37.Re1 Rf5 38.Re3 Kh7 39.Ke2 Qd4 40.a4 Rc5 41.Kf1 Rc1+ 42.Kg2 Qd1
43.Kg3 Rc2 44.Qe1 Qd6+ 45.f4 Qd7 46.Kf3 Qd5+ 47.Re4 Qxb3+  0-1

[Event "Open"]
[Site "Pamplona ESP"]
[Date "2008.12.26"]
[Round "5"]
[White "Ugalde Ezcurra,J"]
[Black "Vega Gutierrez,S"]
[Result "0-1"]
[WhiteElo "2158"]
[BlackElo "2278"]

1.d4 Nf6 2.c4 d6 3.Nf3 g6 4.Nc3 Bg7 5.e4 O-O 6.Be2 Na6 7.O-O e5 8.Re1 Qe8
9.Bf1 Bg4 10.d5 Nb4 11.Be2 a5 12.Be3 Na6 13.Nd2 Bxe2 14.Qxe2 Nh5 15.g3 f5
16.exf5 gxf5 17.Nf3 Qg6 18.Nh4 Qf7 19.f3 Rae8 20.Bf2 Nc5 21.Rf1 b6 22.Qc2 Qd7
23.Rae1 Bh6 24.a3 Bg5 25.Ng2 Qg7 26.b4 axb4 27.axb4 Na6 28.Ra1 Nxb4 29.Qb1 e4
30.Qxb4 exf3 31.Ne1 Bd2 32.Ra3 f4 33.Qb2 Bxe1 34.Rxe1 fxg3 35.hxg3 Nxg3 36.Re6 Ne4+
37.Kf1 Qg2+ 38.Ke1 Qh1+  0-1

[Event "World Open"]
[Site "Leon ESP"]
[Date "2008.12.27"]
[Round "7"]
[White "Peralta,Fe"]
[Black "Suarez Real,A"]
[Result "1-0"]
[WhiteElo "2557"]
[BlackElo "2417"]

1.d4 Nf6 2.c4 g6 3.Nc3 Bg7 4.e4 d6 5.Nf3 O-O 6.Be2 e5 7.Be3 Ng4 8.Bg5 f6
9.Bh4 Nc6 10.d5 Ne7 11.Nd2 h5 12.h3 Nh6 13.g4 hxg4 14.hxg4 Nf7 15.Qc2 c5
16.O-O-O Bd7 17.Rh2 Nc8 18.Bg3 Bh6 19.f4 exf4 20.e5 Kg7 21.exf6+ Qxf6 22.Nce4 Qe5
23.Bh4 g5 24.Nf3 Qe7 25.Qc3+ Ne5 26.Bxg5 Bxg5 27.Nfxg5 Rh8 28.Rxh8 Kxh8 29.Rh1+  1-0

[Event "1st Asian Clubs"]
[Site "Al Ain UAE"]
[Date "2008.12.28"]
[Round "4"]
[White "Sadorra,J"]
[Black "Esenov,An"]
[Result "1-0"]
[WhiteElo "2431"]
[BlackElo "2319"]

1.Nf3 Nf6 2.c4 g6 3.Nc3 Bg7 4.e4 d6 5.d4 O-O 6.Be2 e5 7.d5 Nbd7 8.Be3 Ng4
9.Bd2 f5 10.Ng5 Nc5 11.b4 fxe4 12.O-O e3 13.Bxg4 Qxg5 14.Bxc8 exd2 15.bxc5 Raxc8
16.Ne4 Qe7 17.Qxd2 dxc5 18.Qa5 Rf4 19.f3 Ra8 20.Rfb1 b6 21.Qa6 g5 22.Qb7 Re8
23.Qxa7 g4 24.d6 cxd6 25.Qxe7 Rxe7 26.g3 Rxf3 27.Rxb6 Bh6 28.a4 Be3+ 29.Kg2 Bd4
30.Ra2 Ref7 31.Rb1 Re3 32.Nxd6 Rf6 33.Rb8+ Rf8 34.Rxf8+ Kxf8 35.a5 Re1 36.h4 gxh3+
37.Kh2 Rd1 38.a6 Bg1+ 39.Kxh3 Rxd6 40.a7 Rd8 41.Rb2 Kf7 42.Rb8 Rd2 43.a8=Q Rh2+
44.Kg4 h5+ 45.Kf3 Rf2+ 46.Ke4  1-0

[Event "5th Open"]
[Site "Vandoeuvre les Nancy FRA"]
[Date "2008.12.28"]
[Round "5"]
[White "Rambourg,Je"]
[Black "Evrard,A"]
[Result "0-1"]
[WhiteElo "1726"]
[BlackElo "2025"]

1.d4 Nf6 2.c4 g6 3.Nc3 Bg7 4.Nf3 O-O 5.e4 d6 6.Be2 e5 7.dxe5 dxe5 8.Qxd8 Rxd8
9.Bg5 Re8 10.Bxf6 Bxf6 11.Nd5 Bd8 12.O-O-O Nd7 13.h4 c6 14.Nc3 h6 15.g4 Bb6
16.h5 g5 17.Rd6 Bc5 18.Rxh6 Kg7 19.Nxg5 Kxh6 20.Nxf7+ Kg7 21.Ng5 Bxf2 22.Nd1 Bg3
23.Kb1 Nf6 24.Ne3 Bf4 25.Nf5+ Bxf5 26.h6+ Kg6 27.exf5+  0-1

[Event "1st Asian Clubs"]
[Site "Al Ain UAE"]
[Date "2008.12.29"]
[Round "5"]
[White "Faraj,Y"]
[Black "Hj Kura,A"]
[Result "1-0"]
[WhiteElo "2250"]
[BlackElo "2331"]

1.Nf3 Nf6 2.c4 g6 3.d4 Bg7 4.Nc3 d6 5.e4 O-O 6.Be2 e5 7.dxe5 dxe5 8.Qxd8 Rxd8
9.Bg5 Re8 10.O-O-O Nbd7 11.Nb5 Rb8 12.Nxc7 Rf8 13.Nd5 Re8 14.Nc7 Rf8 15.Nd5 Re8
16.Nd2 h6 17.Be3 b6 18.f3 Nc5 19.Nxf6+ Bxf6 20.Bxh6 Be6 21.Be3 a5 22.Nb1 Rec8
23.Nc3 Be7 24.Kb1 f5 25.exf5 Bxf5+ 26.Ka1 Be6 27.Nd5 Bf8 28.f4 e4 29.g4 Rb7
30.Bxc5 bxc5 31.Nf6+ Kf7 32.Nxe4 Rb6 33.Nc3 Bg7 34.Nb5 Rcb8 35.h4 a4 36.a3 Bh6
37.g5 Bg7 38.h5 gxh5 39.Rxh5 Bd4 40.Bd3 Bg4 41.Rh7+ Kg8 42.Rd2 R8b7 43.Rxb7 Rxb7
44.Nxd4 cxd4  1-0

[Event "Masters"]
[Site "Hastings ENG"]
[Date "2008.12.29"]
[Round "2"]
[White "Mitchell,M"]
[Black "Lunn,M"]
[Result "1-0"]
[WhiteElo "2169"]
[BlackElo "1874"]

1.d4 Nf6 2.c4 g6 3.Nc3 Bg7 4.e4 d6 5.Be2 O-O 6.Nf3 e5 7.Be3 Nc6 8.d5 Ne7
9.Nd2 Nd7 10.Nb5 f5 11.f3 f4 12.Bf2 b6 13.b4 a6 14.Nc3 g5 15.Nb3 Ng6 16.c5 Nf6
17.Rc1 Bd7 18.cxb6 cxb6 19.Nd2 b5 20.Nb3 h5 21.Na5 g4 22.Nc6 Qe8 23.a4 bxa4
24.Nxa4 h4 25.Nb6 Bh6 26.Nxa8 Qxa8 27.fxg4 Nxe4 28.Qd3 f3 29.Qxe4 Bxc1 30.Qxg6+ Kh8
31.Bd3  1-0

[Event "Christmas Master Open"]
[Site "Zurich SUI"]
[Date "2008.12.29"]
[Round "5"]
[White "Kwossek,G"]
[Black "Schmid,Mi1"]
[Result "0-1"]
[WhiteElo "1993"]
[BlackElo "2219"]

1.d4 Nf6 2.c4 g6 3.Nf3 Bg7 4.Nc3 d6 5.e4 O-O 6.Be2 Nbd7 7.O-O e5 8.Be3 Ng4
9.Bg5 f6 10.Bh4 Nh6 11.Rc1 Nf7 12.d5 a5 13.a3 Bh6 14.Rb1 Qe7 15.b4 b6 16.Ne1 Bg5
17.Bg3 f5 18.f3 Be3+ 19.Kh1 Nf6 20.Nc2 Bh6 21.Bf2 axb4 22.axb4 Nh5 23.c5 bxc5
24.bxc5 dxc5 25.Rb5 Nf4 26.Bxc5 Nd6 27.Rb2 Qg5 28.g3 Nxe2 29.Nxe2 fxe4 30.f4 Qh5
31.fxe5 Rxf1+ 32.Qxf1 Bh3 33.Nf4 Bxf4 34.Qxf4 Rf8 35.exd6 Rxf4 36.Rb8+ Kg7  0-1

[Event "Open A"]
[Site "Groningen NED"]
[Date "2008.12.30"]
[Round "9"]
[White "Sundararajan,K"]
[Black "Bojkov,D"]
[Result "1/2-1/2"]
[WhiteElo "2501"]
[BlackElo "2472"]

1.Nf3 Nf6 2.c4 g6 3.Nc3 Bg7 4.e4 d6 5.d4 O-O 6.Be2 Na6 7.O-O e5 8.Be3 Ng4
9.Bg5 Qe8 10.dxe5 dxe5 11.h3 h6 12.Bd2 Nf6 13.Be3 Qe7 14.Nd5 Qd8 15.Qc2 c6
16.Nxf6+ Qxf6 17.c5 Nc7 18.Rad1 Qe7 19.Bc4 Kh7 20.Rfe1 Be6 21.Rd6 Bxc4 22.Qxc4 Nb5
23.Rd3 Rad8 24.Red1 Rxd3 25.Rxd3 f5 26.a4 Nd4 27.Nxd4 exd4 28.Bxd4 Qxe4 29.f3 Qh4
30.Qc3 Re8 31.Qd2 Re1+  1/2-1/2

[Event "38th Rilton Cup 2008-9"]
[Site "Stockholm SWE"]
[Date "2008.12.30"]
[Round "4"]
[White "Bogner,S"]
[Black "Nithander,V"]
[Result "1/2-1/2"]
[WhiteElo "2448"]
[BlackElo "2365"]

1.d4 Nf6 2.c4 g6 3.Nc3 Bg7 4.e4 d6 5.Nf3 O-O 6.Be2 e5 7.dxe5 dxe5 8.Qxd8 Rxd8
9.Bg5 Re8 10.Nd5 Nxd5 11.cxd5 c6 12.Bc4 cxd5 13.Bxd5 Nd7 14.Nd2 Nc5 15.Nc4 Bf8
16.O-O Be6 17.Rfd1 Bxd5 18.exd5 Ne4 19.Be3 Nd6 20.Rac1 Nxc4 21.Rxc4 Bd6 22.Rdc1 Kg7
23.g4 h6 24.Kg2 Red8 25.Kf3 a6 26.h4 Rd7 27.h5 gxh5 28.Rh1 Bf8 29.Ke4 hxg4
30.Rxh6 Rad8 31.Rh4 Rxd5 32.Rxg4+ Kf6 33.Rg8 Ke6 34.Rc7 R5d7 35.Rxd7 f5+
36.Kf3 Kxd7 37.Rg6 Bd6 38.Bh6 e4+ 39.Ke3 Be5 40.Bg5 Rc8 41.Bf6 Ke6 42.Bxe5+ Kxe5
43.f4+ exf3 44.Rb6 Rc7 45.Kxf3 Rf7 46.a4 f4 47.a5 Kd5 48.Rb4 Kc5 49.Rb6 Kd5
50.Rb4 Kc6 51.Rb3 Rf5 52.Rb6+ Kc7 53.b4 Kc8 54.Rd6 Kc7 55.Rb6 Rf7 56.Re6 Rh7
57.Rb6 Rf7 58.Re6 Kd7 59.Rb6 Kc8 60.Re6 Kc7 61.Rb6 Rf5 62.Re6 Rh5 63.Re7+ Kc6
64.Re6+ Kc7  1/2-1/2

[Event "Open A"]
[Site "Gjovik NOR"]
[Date "2008.12.31"]
[Round "3"]
[White "Bryn,T"]
[Black "Getz,N"]
[Result "1/2-1/2"]
[WhiteElo "2025"]
[BlackElo "2176"]

1.d4 Nf6 2.Nf3 g6 3.c4 Bg7 4.Nc3 O-O 5.e4 d6 6.Be2 e5 7.dxe5 dxe5 8.Qxd8 Rxd8
9.Bg5 c6 10.Nxe5 Re8 11.O-O-O Na6 12.f4 Nc5 13.Bf3 h6 14.Bxf6 Bxf6 15.Nd3 Bd4
16.Nxc5 Bxc5 17.Rd3 Be6 18.b3 a6 19.e5 Rec8 20.h3 b5 21.cxb5 axb5 22.Bg4 Bxg4
23.hxg4 Bb4 24.Kb2 Bxc3+ 25.Rxc3 Rd8 26.Rhc1 Rd4 27.Rxc6 Rxf4 28.e6 fxe6
29.g5 Rf2+ 30.R1c2 Rxc2+ 31.Rxc2 hxg5 32.Rc5 Rb8 33.Kc3 b4+ 34.Kc4 Kf7 35.Ra5 g4
36.Ra4 Rc8+ 37.Kxb4 g3 38.Kb5 Rc2 39.Rf4+ Ke7 40.Rg4 Rxg2 41.Rxg6 Rxa2  1/2-1/2

[Event "Masters"]
[Site "Hastings ENG"]
[Date "2009.01.02"]
[Round "6"]
[White "Bernal Moro,L"]
[Black "Bates,Ri"]
[Result "1/2-1/2"]
[WhiteElo "2451"]
[BlackElo "2387"]

1.Nf3 Nf6 2.c4 g6 3.Nc3 Bg7 4.e4 O-O 5.d4 d6 6.Be2 Na6 7.O-O e5 8.Re1 c6
9.Be3 Ng4 10.Bg5 f6 11.Bh4 Nh6 12.c5 exd4 13.Bxa6 dxc3 14.Bc4+ Kh8 15.cxd6 cxb2
16.Rb1 b5 17.Bb3 g5 18.Bg3 f5 19.Be5 Bxe5 20.Nxe5 Qf6 21.Qd4 fxe4 22.Qxb2 Bf5
23.Nxc6 e3 24.Qxf6+ Rxf6 25.Rb2 Rxd6 26.fxe3 Rxc6 27.Bd5 Bd7 28.Bxc6 Bxc6
29.Rc1 Be8 30.Rbc2 Kg7 31.Rc8 Rxc8 32.Rxc8 Bf7 33.Ra8 Nf5 34.Rxa7 Nxe3 35.Rb7 Kf6
36.Rb6+ Be6 37.a3 Nc4 38.Rxb5 Nxa3 39.Rc5 Nc4 40.h3 Ne5 41.Kh2 Bf5 42.g4 Bxg4
43.hxg4 Nxg4+ 44.Kg3 h5 45.Ra5 Ne5 46.Ra6+ Kf5  1/2-1/2

[Event "14th Open"]
[Site "Bosnjaci CRO"]
[Date "2009.01.03"]
[Round "1"]
[White "Zivanic,M"]
[Black "Kadric,D"]
[Result "1-0"]
[WhiteElo "2463"]
[BlackElo "1982"]

1.d4 Nf6 2.c4 g6 3.Nc3 Bg7 4.e4 d6 5.Nf3 O-O 6.Be2 e5 7.Be3 Nc6 8.d5 Ne7
9.Nd2 Nd7 10.b4 f5 11.f3 f4 12.Bf2 g5 13.c5 Ng6 14.Nc4 Rf6 15.cxd6 cxd6 16.Nb5 Nb6
17.Nxb6 axb6 18.Qb3 Bf8 19.Rc1 Rf7 20.Rc3 Bd7 21.Qc2 Bxb5 22.Bxb5 h5 23.h3 Rg7
24.Be2 Nh8 25.O-O Nf7 26.Rc1 Nh6 27.Rc8 Rxc8 28.Qxc8 Qf6 29.Qe6+ Qxe6 30.dxe6 g4
31.hxg4 hxg4 32.fxg4 Nxg4 33.Bxg4 Rxg4 34.Rc8 Kg7 35.Rc7+ Kg8 36.e7 Bxe7
37.Rxe7 f3 38.Rxb7 Rxg2+ 39.Kf1 Rg4 40.Rxb6 Rxe4 41.a4 Rc4 42.Rxd6 Rxb4 43.a5 e4
44.Be1 Ra4 45.Kf2 Ra2+ 46.Bd2 Ra3 47.Re6 Rd3 48.Bb4 Rd4 49.Rb6 Rd1 50.a6 Ra1
51.Bc5 Ra2+ 52.Kg3 Rg2+ 53.Kh3  1-0

[Event "5th IRT"]
[Site "Merlo ARG"]
[Date "2009.01.03"]
[Round "8"]
[White "Tomeo,N"]
[Black "Tomeo,I"]
[Result "1-0"]
[WhiteElo "2043"]
[BlackElo "2095"]

1.d4 Nf6 2.Nf3 g6 3.c4 Bg7 4.Nc3 O-O 5.e4 d6 6.Be2 e5 7.Be3 exd4 8.Nxd4 Re8
9.f3 Nc6 10.Nc2 Ne5 11.Qd2 Be6 12.b3 c6 13.O-O-O d5 14.exd5 cxd5 15.cxd5 Bf5
16.g4 Bxc2 17.Kxc2 Rc8 18.Kb1 Qa5 19.Ne4 Qa3 20.Bd4 Nexg4 21.Bb2 Nxe4 22.Bxa3 Nxd2+
23.Rxd2 Bh6 24.Rb2 Nf6 25.d6 Re3 26.Bb5 Nd5 27.Rc2 Rxc2 28.Kxc2 Rxf3 29.d7 Bg5
30.Re1 Rf2+ 31.Kd3 Rd2+ 32.Ke4 a6 33.Bc1 Nc3+ 34.Kf3 Nxb5 35.Bxd2 Bf6 36.Bh6 Nd4+
37.Kg2 Ne6 38.Rc1 Bd8 39.Rc8 f6 40.Be3 Kf7 41.Rb8 b5 42.Bb6 Ke7 43.Bxd8+ Nxd8
44.Rb6 Kxd7 45.Rxa6 Nc6 46.Rb6 b4 47.Rb7+ Kd6 48.Rxh7 Kd5 49.Rb7 f5 50.h4 Kd4
51.Kg3 Ke3 52.Rf7 Nd4 53.Re7+ Kd2 54.Kf4 Kc3 55.Re3+ Kb2 56.Kg5 Kxa2 57.Kxg6 f4
58.Re4 Nc6 59.h5  1-0

[Event "XX Open"]
[Site "Roquetas de Mar ESP"]
[Date "2009.01.03"]
[Round "3"]
[White "Fernandez Siles,L"]
[Black "Vidarte Morales,A"]
[Result "1/2-1/2"]
[WhiteElo "2286"]
[BlackElo "2431"]

1.c4 Nf6 2.Nf3 g6 3.Nc3 Bg7 4.e4 O-O 5.d4 d6 6.Be2 Na6 7.O-O e5 8.Be3 Ng4
9.Bg5 Qe8 10.dxe5 dxe5 11.Qc1 h6 12.Bd2 Kh7 13.h3 Nf6 14.Be3 c6 15.c5 Nc7
16.Nd2 Ne6 17.Nc4 Nd4 18.Nd6 Nxe2+ 19.Nxe2 Qe7 20.Rd1 Be6 21.Qc2 Rfd8 22.Rd2 Kg8
23.Rad1 Rd7 24.Nc3 Rad8 25.Kh2 Nh5 26.g3 Nf6 27.Kg2 Ne8  1/2-1/2

[Event "Hilton Schachfestival"]
[Site "Basel SUI"]
[Date "2009.01.04"]
[Round "6"]
[White "Berberich,C"]
[Black "Hug,M"]
[Result "0-1"]
[WhiteElo "2083"]
[BlackElo "2257"]

1.d4 d6 2.Nf3 g6 3.c4 Nf6 4.Nc3 Bg7 5.e4 O-O 6.Be2 Nbd7 7.O-O e5 8.Be3 exd4
9.Nxd4 Nc5 10.f3 a5 11.Ndb5 Qe7 12.Qd2 Re8 13.Rac1 Be6 14.Rfd1 Rac8 15.Nd5 Bxd5
16.cxd5 Nfd7 17.b3 f5 18.Bxc5 Nxc5 19.Rxc5 dxc5 20.d6 cxd6 21.Nxd6 Bd4+  0-1

[Event "TCh-BEL 2008-9"]
[Site "Belgium BEL"]
[Date "2009.01.04"]
[Round "6"]
[White "Brunner,N"]
[Black "Leenhouts,K"]
[Result "1/2-1/2"]
[WhiteElo "2415"]
[BlackElo "2402"]

1.d4 Nf6 2.c4 g6 3.Nc3 Bg7 4.e4 d6 5.Be2 O-O 6.Nf3 e5 7.dxe5 dxe5 8.Qxd8 Rxd8
9.Bg5 c6 10.Nxe5 Re8 11.O-O-O Na6 12.f4 h6 13.Bh4 Nc5 14.Bf3 g5 15.Bf2 Ne6
16.Nxf7 Kxf7 17.e5 Nxf4 18.exf6 Bxf6 19.Ne4 Be5 20.Nd6+ Bxd6 21.Rxd6 g4 22.Rd4 Ne2+
23.Bxe2 Rxe2 24.Rf1 Bf5 25.Bg3 Kg6 26.Rd6+ Re6 27.Rxe6+  1/2-1/2